<?xml version="1.0" encoding="UTF-8"?><?xml-stylesheet type="text/xsl" href="static/style.xsl"?><OAI-PMH xmlns="http://www.openarchives.org/OAI/2.0/" xmlns:xsi="http://www.w3.org/2001/XMLSchema-instance" xsi:schemaLocation="http://www.openarchives.org/OAI/2.0/ http://www.openarchives.org/OAI/2.0/OAI-PMH.xsd"><responseDate>2026-04-17T04:22:25Z</responseDate><request verb="GetRecord" identifier="oai:www.recercat.cat:2099.1/5354" metadataPrefix="marc">https://recercat.cat/oai/request</request><GetRecord><record><header><identifier>oai:recercat.cat:2099.1/5354</identifier><datestamp>2025-07-23T04:32:22Z</datestamp><setSpec>com_2072_1033</setSpec><setSpec>col_2072_452951</setSpec></header><metadata><record xmlns="http://www.loc.gov/MARC21/slim" xmlns:dcterms="http://purl.org/dc/terms/" xmlns:xsi="http://www.w3.org/2001/XMLSchema-instance" xmlns:doc="http://www.lyncode.com/xoai" xsi:schemaLocation="http://www.loc.gov/MARC21/slim http://www.loc.gov/standards/marcxml/schema/MARC21slim.xsd">
   <leader>00925njm 22002777a 4500</leader>
   <datafield ind2=" " ind1=" " tag="042">
      <subfield code="a">dc</subfield>
   </datafield>
   <datafield ind2=" " ind1=" " tag="720">
      <subfield code="a">Florensa Labrador, Silvia</subfield>
      <subfield code="e">author</subfield>
   </datafield>
   <datafield ind2=" " ind1=" " tag="260">
      <subfield code="c">2008-07-28</subfield>
   </datafield>
   <datafield ind2=" " ind1=" " tag="520">
      <subfield code="a">El sector agrícola es uno de los mayores consumidores de agua, la&#xd;
modernización de sistemas de riego se considera una respuesta para alcanzar&#xd;
y mantener un uso eficiente del agua. El cambio climático está alterando las&#xd;
precipitaciones del planeta en periodos de grandes sequías y de lluvias&#xd;
torrenciales. Este hecho obliga al agricultor a tener un seguimiento minucioso&#xd;
del agua suministrada; dependiendo del periodo en el que se encuentra y de&#xd;
esta forma no suministrar más agua de la necesaria. Realizar una correcta&#xd;
gestión de regadío comienza a tomar mucha importancia cuanto mayor sea la&#xd;
superficie a controlar y lo distribuida que este.&#xd;
La mayoría de los programas informáticos que controlan la gestión de regadío&#xd;
no poseen una tecnología para la obtención de datos en tiempo real y de&#xd;
forma remota.&#xd;
Para solucionar este problema se plantea una aplicación Web de gestión de&#xd;
fertirrigación convencional de regadío. Al ser una aplicación Web, el cliente&#xd;
podrá conectarse al ordenador de riego desde su casa u oficina y obtener los&#xd;
datos de regadío en tiempo real. La aplicación Web ofrece la posibilidad de&#xd;
tener superficies de cultivos separadas a cientos de kilómetros y gestionarlas a&#xd;
la vez.&#xd;
Las funcionalidades de esta aplicación Web son control de riego, fertilización,&#xd;
pH, bombeo, limpieza de filtros y detección de averías; pudiendo ser&#xd;
configuradas por tiempo (segundos) o por volumen (es un contador de litros&#xd;
suministrados). Gracias a estos datos sabemos como se está realizando el&#xd;
riego, el estado de las bombas, si ha habido alguna anomalía. Por ejemplo, si&#xd;
se va a terminar los fertilizantes que se van a inyectar a los cultivos; es&#xd;
necesario repostarlos para seguir con su tratamiento. Si este tratamiento fuera&#xd;
suspendido, se podría llevar a cabo un incorrecto crecimiento del cultivo o un&#xd;
aumento de plagas innecesarias. Otra funcionalidad importante es la de&#xd;
limpieza los filtros ya que un incorrecto mantenimiento podría provocar un&#xd;
imperfecto filtrado de agua dejando pasar partículas peligrosas para el sistema&#xd;
electrónico de regadío.&#xd;
La aplicación Web permite incluir información sobre la empresa, de modo que&#xd;
cualquier usuario de Internet pueda consultar: información sobre la empresa,&#xd;
que productos cultivan, localización de sus fincas y un formulario de contacto&#xd;
para cualquier consulta que tengan. Además la aplicación permite realizar&#xd;
compras por Internet.&#xd;
En este documento vamos a describir la arquitectura, diseño y la&#xd;
implementación de la aplicación. Además finalizaremos explicando el manual&#xd;
de instalación de la misma.</subfield>
   </datafield>
   <datafield tag="653" ind2=" " ind1=" ">
      <subfield code="a">Àrees temàtiques de la UPC::Enginyeria de la telecomunicació::Telemàtica i xarxes d'ordinadors</subfield>
   </datafield>
   <datafield tag="653" ind2=" " ind1=" ">
      <subfield code="a">Àrees temàtiques de la UPC::Informàtica::Aplicacions de la informàtica::Aplicacions informàtiques a la física i l‘enginyeria</subfield>
   </datafield>
   <datafield tag="653" ind2=" " ind1=" ">
      <subfield code="a">Àrees temàtiques de la UPC::Enginyeria agroalimentària::Agricultura::Reg</subfield>
   </datafield>
   <datafield tag="653" ind2=" " ind1=" ">
      <subfield code="a">Telematics</subfield>
   </datafield>
   <datafield tag="653" ind2=" " ind1=" ">
      <subfield code="a">Irrigation</subfield>
   </datafield>
   <datafield tag="653" ind2=" " ind1=" ">
      <subfield code="a">J2EE</subfield>
   </datafield>
   <datafield tag="653" ind2=" " ind1=" ">
      <subfield code="a">Aplicación web</subfield>
   </datafield>
   <datafield tag="653" ind2=" " ind1=" ">
      <subfield code="a">Web</subfield>
   </datafield>
   <datafield tag="653" ind2=" " ind1=" ">
      <subfield code="a">Regatge</subfield>
   </datafield>
   <datafield ind2="0" ind1="0" tag="245">
      <subfield code="a">Sistema de gestión de regadío mediante una arquitectura distribuida J2EE</subfield>
   </datafield>
</record></metadata></record></GetRecord></OAI-PMH>